Presentations of Groups
Αποθηκεύτηκε σε:
| Κύριος συγγραφέας: | |
|---|---|
| Μορφή: | Βιβλίο |
| Γλώσσα: | English |
| Δημοσίευση: |
Cambridge :
Cambridge University Press,
1990
|
| Σειρά: | London Mathematical Society student texts ;
; 15 |
| Θέματα: | |
| Ετικέτες: |
Προσθήκη ετικέτας
Δεν υπάρχουν, Καταχωρήστε ετικέτα πρώτοι!
|
MARC
| LEADER | 00000nam a2200000 i 4500 | ||
|---|---|---|---|
| 001 | 1/29598 | ||
| 008 | 960628s1990 eng d | ||
| 020 | |a 0-521-37824-9 | ||
| 035 | |a 1995 |l 10038359 | ||
| 040 | |a GR-MY-UA |b gre |e aacr | ||
| 041 | 0 | |a eng | |
| 082 | 0 | |a 512.2 | |
| 100 | 1 | |a Johnson, D. L. | |
| 245 | 1 | 0 | |a Presentations of Groups / |c D.L. Johnson |
| 260 | |a Cambridge : |b Cambridge University Press, |c 1990 | ||
| 300 | |a 204 p.; |c 23 cm. | ||
| 490 | 1 | |a London Mathematical Society student texts |v ; 15 | |
| 500 | |a Includes bibliographical references and index | ||
| 650 | 0 | 0 | |a Representations of groups. |
| 830 | 0 | |a London Mathematical Society student texts ; |v ; 15 | |
| 852 | |a INST |b SAMOS |e 19960628 |h 512.2 JOH |p 005300005427 |q 005300005427 |t BK |y 4 |x 20200212 | ||
| 909 | |a Σ |b 041352 | ||